LEADER 00832nam--2200313---450- 001 990003231530203316 005 20090429135534.0 035 $a000323153 035 $aUSA01000323153 035 $a(ALEPH)000323153USA01 035 $a000323153 100 $a20090429d1968----km-y0itay50------ba 101 $afre 102 $aFR 105 $aa---||||001yy 200 1 $aPrinciped de combinatoire$fBerge C. 210 $aParis$cDunod$d1968 215 $aVI, 149 p.$cill.$d24 cm 606 0 $aAnalisi combinatoria 676 $a511.6 700 1$aBERGE,$bC.$0603871 801 0$aIT$bsalbc$gISBD 912 $a990003231530203316 951 $a511.6 BER$b1902/CBS$c511.6$d00218852 959 $aBK 969 $aSCI 979 $aRSIAV6$b90$c20090429$lUSA01$h1355 996 $aPrinciped de combinatoire$91013267 997 $aUNISA LEADER 01139nam--2200385---450- 001 990002452400203316 005 20050719103944.0 010 $a0-87413-551-6 035 $a000245240 035 $aUSA01000245240 035 $a(ALEPH)000245240USA01 035 $a000245240 100 $a20050719h1996----km-y0itay0103----ba 101 $aeng 102 $aUS 105 $aa|||||||001yy 200 1 $aPhoto-textualities$ereading photographs and literature$fedited by Marsha Bryant 210 $aNewark$cUniversity of Delaware Press$dc1996 215 $a164 p.$cill.$d29 cm 410 0$12001 454 1$12001 461 1$1001-------$12001 606 0 $aLetteratura e fotografia$yGran Bretagna$xStoria$zSec. 20. 606 0 $aLeteratura e fotografia$yStati Uniti$xStoria$zSec. 20. 676 $a820.9356 702 1$aBRYANT,$bMarsha 801 0$aIT$bsalbc$gISBD 912 $a990002452400203316 951 $aI C BRY$b4832 DSLL$cI C 959 $aBK 969 $aDSLL 979 $aDSLL1$b90$c20050719$lUSA01$h1028 979 $aDSLL1$b90$c20050719$lUSA01$h1039 996 $aPhoto-textualities$91058147 997 $aUNISA LEADER 01235nam0-22003851i-450- 001 990005513450203316 005 20031128120000.0 035 $a000551345 035 $aUSA01000551345 035 $a(ALEPH)000551345USA01 035 $a000551345 100 $a20031128d1993-------|0enac50------ba 101 $aeng 102 $aUS 105 $a|||| ||||| 200 1 $a<> economic theorist's book of tales$eessay that entertain the consequences of new assumptions in economic theory$fGeorge A. Akerlof 210 $aCambridge$cCambridge University Press$d1984 215 $aXIX, 232 p.$d22 cm 606 $aPENSIERO ECONOMICO$xSTUDI$2FI 606 $aEconomia$2FI 620 $dCambridge 676 $a330.15$cScuole di pensiero economico$v21 700 1$aAKERLOF,$bGeorge A.$0122002 712 $aCambridge University Press 801 $aIT$bSOL$c20120104 912 $a990005513450203316 950 $aDIP.TO SCIENZE ECONOMICHE - (SA)$dDS 300 330.15 AKE$e11429 DISES 951 $a300 330.15 AKE$b11429 DISES 959 $aBK 969 $aDISES 979 $c20121027$lUSA01$h1532 979 $c20121027$lUSA01$h1613 996 $aEconomic theorist's book of tales.$948883 997 $aUNISA NUM $aUSA12509